3 Movies, 1 Missing Word VII Quiz Stats

 Plays Quiz Updated Sep 17, 2017

Challenge
Share
Tweet
Embed
Score 0/33 Timer 04:00
11 Plays Today
% Correct
Finding
97.7%
Who's
97.6%
Doctor
97.5%
Day
97.5%
Summer
97.4%
Things
97.4%
Woman
97.3%
Now
97.3%
Squad
97.2%
Ugly
97.1%
Eyes
97.1%
Secret
97.1%
Evil
97%
Saving
97%
Never
96.7%
Island
96.6%
First
96.6%
% Correct
Baby
96.5%
Big
96.3%
Last
96.3%
War
96%
Angry
96%
Hot
96%
Shoot
95.9%
Trip
95.4%
Full
95.3%
Golden
95%
Remember
94.7%
School
94.7%
Wife
94.5%
Date
94%
Raising
91%
Castle
91%

You're not logged in!

Compare scores with friends on all Sporcle quizzes.
Join for Free
OR
Log In

You Might Also Like...

Show Comments

Extras

Top Quizzes Today


Score Distribution

Your Account Isn't Verified!

In order to create a playlist on Sporcle, you need to verify the email address you used during registration. Go to your Sporcle Settings to finish the process.

Report this User

Report this user for behavior that violates our Community Guidelines.

Details: